000 00732nam a2200229 a 4500
005 20240925065320.0
008 190118s2018 mx r 000 0 spa d
020 _a9786075241609
035 _aUPN01000228488
049 _aCG
050 4 _aRA418
_bS6.2
245 0 3 _aLa sociología de la salud y los paradigmas de investigación /
_ccoord. por María Luisa Quintero Soto.
260 _aMéxico :
_bUAEM :
_bMiguel Angel Porrúa,
_c2018.
300 _a131 p. :
_btablas
440 4 _aLas ciencias sociales
650 4 _aMEDICINA SOCIAL
_917147
650 2 _aSalud pública
_96078
650 4 _aJOVENES -
_xCONDUCTA SEXUAL
_912067
700 1 _aQuintero Soto, María Luisa
_ecoord.
_937567
905 _aLibro
999 _c200583
_d200583